Cooperativas, entidades necesarias para el desarrollo de un Estado de derecho
I tiakina i:
| Kaituhi matua: | |
|---|---|
| Hōputu: | Pukapuka |
| Reo: | Pāniora |
| I whakaputaina: |
Santiago
Librotecnia
2007
|
| Ngā marau: | |
| Ngā Tūtohu: |
Tāpirihia he Tūtohu
Kāore He Tūtohu, Me noho koe te mea tuatahi ki te tūtohu i tēnei pūkete!
|
MARC
| LEADER | 00000nam a2200000 a 4500 | ||
|---|---|---|---|
| 001 | UCI5269 | ||
| 003 | CL-VaPUC | ||
| 008 | 080320e20070000CL |||||||||||||||||spa|d | ||
| 020 | |a 9789567950560 | ||
| 082 | 0 | 4 | |a 346.0668 |b MOL |2 21 |
| 100 | |a Molina Pinilla, Gloria Ivonne |e author |9 771959 | ||
| 245 | 1 | 0 | |a Cooperativas, entidades necesarias para el desarrollo de un Estado de derecho |
| 300 | |a 289 p | ||
| 942 | |c BK | ||
| 945 | |d 20080320 00:00:00 |a rbrito | ||
| 260 | |a Santiago |b Librotecnia |c 2007 | ||
| 650 | 0 | |a Derecho comparado |9 255664 | |
| 650 | 7 | |a COOPERATIVISMO |2 CL-VaPUC |9 311346 | |
| 583 | |a last modification |c 20161026 05:27:51 |k Rodrigo Vera | ||
| 999 | |c 329024 |d 329022 | ||
| 952 | |0 0 |1 0 |4 0 |6 346_066800000000000_MOL_2007 |7 0 |8 A |9 413298 |a BIBDER |b BIBDER |d 2019-11-22 |i 4415639 |l 3 |m 1 |o 346.0668 MOL 2007 |p 4415639 |r 2023-10-10 |s 2023-09-21 |w 2019-11-22 |y BK |k DER | ||